Mr Midnight : (Record no. 6945)
[ view plain ]
| 000 -LEADER | |
|---|---|
| fixed length control field | 00866nam a22002297a 4500 |
| 001 - CONTROL NUMBER | |
| control field | 6945 |
| 003 - CONTROL NUMBER IDENTIFIER | |
| control field | FISKH |
| 005 - DATE AND TIME OF LATEST TRANSACTION | |
| control field | 20250611124239.0 |
| 008 - FIXED-LENGTH DATA ELEMENTS--GENERAL INFORMATION | |
| fixed length control field | 250611b cb ||||| |||| 00| 0 eng d |
| 020 ## - INTERNATIONAL STANDARD BOOK NUMBER | |
| International Standard Book Number | 9789814193177 |
| 040 ## - CATALOGING SOURCE | |
| Original cataloging agency | FISKH |
| Language of cataloging | eng |
| Transcribing agency | FISKH |
| Modifying agency | FISKH |
| 050 ## - LIBRARY OF CONGRESS CALL NUMBER | |
| Classification number | PZ7 |
| 100 ## - MAIN ENTRY--PERSONAL NAME | |
| Personal name | Lee, James |
| 245 ## - TITLE STATEMENT | |
| Title | Mr Midnight : |
| Remainder of title | When the ghosts went mad drop dead, gorgeous / |
| Statement of responsibility, etc. | By James Lee |
| 260 ## - PUBLICATION, DISTRIBUTION, ETC. | |
| Place of publication, distribution, etc. | Singapore : |
| Name of publisher, distributor, etc. | Angsana Books, |
| Date of publication, distribution, etc. | 2006. |
| 300 ## - PHYSICAL DESCRIPTION | |
| Extent | 126 pages : |
| Other physical details | illustrations ; |
| Dimensions | 20 cm . |
| 490 ## - SERIES STATEMENT | |
| Series statement | Mr.Midnight |
| Volume/sequential designation | #32 |
| 520 ## - SUMMARY, ETC. | |
| Summary, etc. | This book is part of the Mr Midnight series, a popular children's horror fiction collection by James Lee, known for its spooky tales and thrilling plots. Each book contains two separate stories, and this edition features. |
| 700 ## - ADDED ENTRY--PERSONAL NAME | |
| Personal name | Lui, Michael |
| Relator term | Cover illustrator |
| 942 ## - ADDED ENTRY ELEMENTS (KOHA) | |
| Source of classification or shelving scheme | Dewey Decimal Classification |
| Koha item type | Books |
| Suppress in OPAC | No |
| Withdrawn status | Lost status | Source of classification or shelving scheme | Damaged status | Not for loan | Collection | Home library | Current library | Shelving location | Date acquired | Total Checkouts | Full call number | Barcode | Date last seen | Price effective from | Koha item type |
|---|---|---|---|---|---|---|---|---|---|---|---|---|---|---|---|
| Dewey Decimal Classification | Fiction | Footprints International School Library Network Toul Tom Poung Campus | Footprints International School Library Network Toul Tom Poung Campus | TTP Secondary Fiction Bookshelves | 06/11/2025 | LEE PZ7 | 2025-1577 | 06/11/2025 | 06/11/2025 | Books |
